Study guide to accompany Morris Hamburg's Basic Statistics : a modern approach

Αποθηκεύτηκε σε:
Λεπτομέρειες βιβλιογραφικής εγγραφής
Κύριος συγγραφέας: Lubov, Andrea
Μορφή: Βιβλίο
Γλώσσα:English
Δημοσίευση: San Diego, New York : Harcourt Brace Jovanovich, c1985
Θέματα:
Ετικέτες: Προσθήκη ετικέτας
Δεν υπάρχουν, Καταχωρήστε ετικέτα πρώτοι!

MARC

LEADER 00000nam a2200000 i 4500
001 1/43262
008 961105s1985 eng d
020 |a 0-15-505115-6 
035 |l 10025742 
040 |a GR-MY-UA  |b gre  |e aacr 
041 0 |a eng 
082 0 |a 519.5 
100 1 |a Lubov, Andrea. 
245 1 0 |a Study guide to accompany Morris Hamburg's Basic Statistics :  |b a modern approach /  |c Andrea Lubov 
260 |a San Diego, New York :   |b Harcourt Brace Jovanovich,   |c c1985 
300 |a 197 p. 
650 0 0 |a Statistics. 
852 |a INST  |b CHIOS  |e 19961105  |h 519.5 LUB  |p 005200011047  |q 005200011047  |t BK  |y 0 
909 |a Χ  |b 013303